Datum a čas kvízu
28.5
Celkem bodů
Celkový počet nahraných bodů na tomto kvízu bez doplňovacích otázek.
3.
Pořadí na kvízu
Konečné umístění týmu na tomto kvízu.
Zaznamenané odpovědi
| # | Otázka | Odpověď | Body | Výsledky |
|---|---|---|---|---|
| 1. | Matematik a podnikatel Karel J... | Tohle jsme my | 0 | |
| 2. | Vedení jistého zhruba osmdesát... | Turecko | 1 | |
| 3. | Platforma Amazon Prime Video z... | Pán prstenů | 0 | |
| 4. | Společnost Microsoft v úterý k... | Activision Blizzard | 0 | |
| 5. | Biatlonistka Markéta Davidová... | B) ve vytrvalostním závodě | 1 | |
| 6. | V 17. a 18. století dominovala... | merkantilismus | 0 | |
| 7. | Za zakladatele klasické ekonom... | Adam Smith | 0 | |
| 8. | V roce 1873 došlo ke krachu bu... | Vídeň | 0 | |
| 9. | Současný měnový systém byl for... | Jamajka | 0 | |
| 10. | Na závěr se podíváme do eurozó... | B | 0 |